00645nam a2200241 a 4500001001300000003000900013005001700022008004100039020001000080082001500090100001600105245002200121260005100143300000900194500003500203505001300238650001100251700001600262902000800278942000700286952009500293999001500388nice12345678IN_TiNIC20260116012111.0050524s1947 lona grp 000 0 eng  ac10000a264.1bWYO aWyon, Olive aSchool of Prayers aLondonbStudent Christian Movement Pressc1947 a127p aincludes index and biblioraphy2 aAppendix aPrayer1 aWyon, Olive bSRS cBK 00104070aHMIbHMId2007-07-11g100.00l0o264.1 WYOp8097r2007-07-11w2026-01-16yARB c5639d5639